000 00876nam a2200229Ia 4500
003 GCL
008 140319s9999 xx 000 0 ara d
020 _a8028329957
040 _aGCL /
_cGCL
082 0 4 _a362.11
_bع ا
100 1 _aعبدالمهدى بواعنة
245 1 0 _aادارة المستشفيات والخدمات الصحية :
_bالتشريع الصحى والمسئولية الطبية /
_cعبدالمهدى بواعنة
250 _aالاولى
260 _aالاردن :
_bدار الحامد للنشر والتوزيع ،
_c2003
300 _a284 ص ؛
_c24 سم
650 0 4 _aالمستشفيات
650 0 4 _aالمستشفيات - ادارة
650 0 4 _aالمستشفيات الخاصة
650 0 4 _aالمستشفيات - الجوانب الصحية
650 0 4 _aنقابة الاطباء - الاردن
942 _2ddc
_cBK
999 _c51200
_d51200